| 000 | 00512 a2200169 4500 | ||
|---|---|---|---|
| 020 | _a0672320630 | ||
| 040 | _aDLC | ||
| 100 | 1 | _aBurlton, Roger T. | |
| 245 | 1 | 0 |
_aBusiness process management : profiting from process _bprofiting from process _cRoger T. Burlton. |
| 260 |
_aNew Delhi: _bTeahmedia, _cc2001. |
||
| 300 |
_axiii, 398 p. : _bill. ; _c24 cm. |
||
| 500 | _aIncludes index. | ||
| 650 | 0 | _aIndustrial management. | |
| 650 | 0 | _aProject management. | |
| 650 | 0 | _aBusiness. | |
| 942 |
_cBK _k658.404 BUR _2ddc |
||
| 999 |
_c9840 _d9840 |
||